NRL Top Points-Scorers by Year - Statistics

General Stats
  • This quiz has been taken 144 times
  • The average score is 10 of 19
Answer Stats
Answer % Correct
Nathan Cleary
87%
Johnathan Thurston
83%
Ivan Cleary
81%
Valentine Holmes
80%
Jamayne Isaako
75%
Reuben Garrick
75%
Adam Reynolds
73%
Latrell Mitchell
73%
Jarrod Croker
72%
Benji Marshall
70%
Andrew Johns
64%
Hazem El Masri
53%
James Maloney
35%
Ben Walker
27%
Brett Hodgson
13%
Michael Gordon
9%
Matt Geyer
8%
Luke Covell
6%
Joel Caine
5%
No matching quizzes found
Score Distribution
Percent of People with Each Score
Percentile by Number Answered
Your Score History
You have not taken this quiz